Menembusi tabir besi (Record no. 14406)

MARC details
000 -LEADER
fixed length control field 00731nam a2200265 i 4500
001 - CONTROL NUMBER
control field C2-0081041
003 - CONTROL NUMBER IDENTIFIER
control field PPAK
005 - DATE AND TIME OF LATEST TRANSACTION
control field 20180727084245.0
008 - FIXED-LENGTH DATA ELEMENTS--GENERAL INFORMATION
fixed length control field 970429s1990 my a|||| ||||| | may d
020 ## - INTERNATIONAL STANDARD BOOK NUMBER
International Standard Book Number 9836214356
040 ## - CATALOGING SOURCE
Original cataloging agency PPAK
Language of cataloging eng
Transcribing agency PPAK
Description conventions rda
082 04 - DEWEY DECIMAL CLASSIFICATION NUMBER
Classification number 899.233
Edition number 23
090 00 - LOCALLY ASSIGNED LC-TYPE CALL NUMBER (OCLC); LOCAL CALL NUMBER (RLIN)
Classification number (OCLC) (R) ; Classification number, CALL (RLIN) (NR) 899.233
Feature heading HAS
Feature heading G
Classification number (OCLC) (R) ; Classification number, CALL (RLIN) (NR) 899.233
Feature heading HAS
Feature heading KIH
Classification number (OCLC) (R) ; Classification number, CALL (RLIN) (NR) 899.233
Feature heading HAS
Feature heading KK
100 0# - MAIN ENTRY--PERSONAL NAME
Personal name Hasan Ali,
Dates associated with a name 1928-
Relator term author
245 10 - TITLE STATEMENT
Title Menembusi tabir besi
264 #1 - PRODUCTION, PUBLICATION, DISTRIBUTION, MANUFACTURE, AND COPYRIGHT NOTICE
Place of production, publication, distribution, manufacture Kuala Lumpur :
Name of producer, publisher, distributor, manufacturer Dewan Bahasa dan Pustaka ,
Date of production, publication, distribution, manufacture, or copyright notice 1990
300 ## - PHYSICAL DESCRIPTION
Extent v, 125 pages :
Other physical details illustrations ;
Dimensions 18 cm
336 ## - CONTENT TYPE
Source rdacontent
Content type term text
337 ## - MEDIA TYPE
Source rdamedia
Media type term unmediated
338 ## - CARRIER TYPE
Source rdacarrier
Carrier type term volume
650 10 - SUBJECT ADDED ENTRY--TOPICAL TERM
Topical term or geographic name entry element Malay fiction.
942 ## - ADDED ENTRY ELEMENTS (KOHA)
-- dc
Koha item type Book
Holdings
Withdrawn Not for loan Current library Shelving location Date acquired Full call number Barcode Date last seen Koha item type Total Checkouts
  Not For Loan Perpustakaan Alor Setar Koleksi Kedah 25/01/2016 KK 899.233 HAS A00366710 08/05/2018 Book  
    Perpustakaan Alor Setar Pinjaman Dewasa 26/07/1997 899.233 HAS A00036658 08/05/2018 Book  
  Not For Loan Perpustakaan Alor Setar Koleksi Ismail Hussein 19/01/2012 KIH 899.233 HAS A00175917 08/05/2018 Book  
    Perpustakaan Alor Setar Pinjaman Dewasa 26/07/1997 899.233 HAS A00036682 08/05/2018 Book  
    Perpustakaan Kulim Pinjaman Dewasa 17/12/2003 899.233 HAS A00325722 08/05/2018 Book  
    Perpustakaan Yan Pinjaman Dewasa 17/04/2019 899.233 HAS A00162045 17/04/2019 Book